000 00998nas a2200301 4500
001 BR2017002218
003 BR-BrBNA
005 20231205131045.0
007 ta
008 230509b bl.|||p| |||| 00| 00por d
040 _aBR-BrBNA
_bpor
_cBiblioteca Nacional de Agricultura
041 _a(En)
072 _aP34; P33
100 1 _aCruz, R.
100 1 _aRamos, S.M.S.
100 1 _aFonseca, J.C.
100 1 _aMotta, C.M. de S.
100 1 _aMoreira, K.A.
245 1 _aAnthropization effects on the filamentous fungal community of the Brazilian Catimbau National Park
650 _aANÁLISE DO SOLO
650 _aPROPRIEDADE FÍSICO-QUÍMICA
650 _aMICROBIOLOGIA DO SOLO
650 _aCAATINGA
773 0 _tRevista Brasileira de Ciência do Solo (Brazil)
_xISSN 1806-9657
_g(2017), v. 41 p. 1-13
_wBR2017002218
856 4 0 _uhttp://www.scielo.br/pdf/rbcs/v41/0100-0683-rbcs-18069657rbcs20160373.pdf
909 _a202311
_bLúcia
_c55
_dLúcia Elande
942 _2AGRIS
_n0
_cANA
999 _c252805
_d252805